00418nam a2200181Ia 4500008004100000020001800041050001400059100002100073245001900094245002400113260001500137260001600152260000900168300001400177300002700191300001000218500000800228170918s9999 xx 000 0 und d a9780590030310 bK254 1962 aKeats, Ezra Jack 4aThe snow day / cby Ezra Jack Keats. aNew York : bScholastic, c1962 aunpaged : bcolored illustration ; c19cm. a500